000 01012naa a22002777a 4500
001 BR8900943
003 BR-BrBNA
005 20250721155339.0
007 ta
008 250630b bl.|||m| |||| 00| 0 por d
040 _aBR-BrBNA
_bpor
_cBiblioteca Nacional de Agricultura
041 _a(Pt)
072 _aL02
_b0120
_b0170
090 _aL02 BR8900943
100 1 _aBraga, C.
111 1 _a16. Congresso Nacional de Milho e Sorgo
_cBelo Horizonte, MG (Brazil)
_d4-8 Aug 1986
245 1 _aMilho e sorgo na alimentacao animal
500 _a16. Congresso Nacional de Milho e Sorgo. Anais Sete Lagoas, MG (Brasil): 1988. p. 21-41 [14 tables] (BR8900943-AMS)
773 0 _t16. Congresso Nacional de Milho e Sorgo. Anais
_wL02 BR8900943
_gSete Lagoas, MG (Brasil), 1988. p. 21-41
650 _aMILHO
650 _aSORGO
650 _aNUTRICAO ANIMAL
490 _aDocumentos - Centro Nacional de Pesquisa de Milho e Sorgo (Brazil)
_vno. 6
942 _cAMS
_2AGRIS
909 _a202506
_bLúcia
_c55
_dLúcia Elande
999 _c336006
_d336006